Statistics for Asian countries by capitals (Very Hard)

Click here to take the quiz!

General Stats

  • This quiz has been taken 31 times
    (13 since last reset)
  • The average score is 40 of 71

Answer Stats

CapitalCountry% Correct
Abu DhabiUnited Arab Emirates
100%
BeijingChina
90%
New DelhiIndia
90%
JakartaIndonesia
90%
BaghdadIraq
90%
DohaQatar
90%
Sri Jayawardenepura KotteSri Lanka
90%
SanaaYemen
90%
ThimphuBhutan
80%
NicosiaCyprus
80%
TbilisiGeorgia
80%
TehranIran
80%
JerusalemIsrael
80%
TokyoJapan
80%
Kuwait CityKuwait
80%
VientianeLaos
80%
BeirutLebanon
80%
Kuala LumpurMalaysia
80%
MaléMaldives
80%
UlaanbaatarMongolia
80%
KathmanduNepal
80%
PyongyangNorth Korea
80%
IslamabadPakistan
80%
MoscowRussia
80%
SeoulSouth Korea
80%
TaipeiTaiwan
80%
BangkokThailand
80%
AnkaraTurkey
80%
AshgabatTurkmenistan
80%
HanoiVietnam
80%
KabulAfghanistan
70%
YerevanArmenia
70%
BakuAzerbaijan
70%
Bandar Seri BegawanBrunei
70%
Phnom PenhCambodia
70%
CairoEgypt
70%
AmmanJordan
70%
AstanaKazakhstan
70%
BishkekKyrgyzstan
70%
NaypyidawMyanmar
70%
ManilaPhilippines
70%
RiyadhSaudi Arabia
70%
SingaporeSingapore
70%
DamascusSyria
70%
DushanbeTajikistan
70%
DiliTimor-Leste
70%
TashkentUzbekistan
70%
ManamaBahrain
60%
DhakaBangladesh
60%
MuscatOman
60%
Hong KongHong Kong
50%
MacaoMacao
30%
RamallahPalestine
30%
SapporoHokkaido
10%
Erbil / KirkukKurdistan
10%
NahaOkinawa
10%
LhasaTibet Autonomous Region
10%
Ürümqi / DihuaXinjiang
10%
SukhumiAbkhazia
0%
BatumiAdjara
0%
Gorno-AltayskAltai
0%
Diego GarciaBritish Indian Ocean Territory
0%
Ulan-UdeBuryatia
0%
Flying Fish CoveChristmas Island
0%
West IslandCocos (Keeling) Islands
0%
KhorogGorno-Badakhshan
0%
NukusKarakalpakstan
0%
AbakanKhakassia
0%
YakutskSakha (Yakutia)
0%
TskhinvaliSouth Ossetia
0%
KyzylTuva
0%

Score Distribution

Percentile by Number Answered

Percent of People with Each Score

Your Score History

You have not taken this quiz since the last reset